[Event "TOP 16 Higher pool"]
[Site "BELFORT"]
[Date "????.??.??"]
[Round "10.3"]
[White "Sankalp Gupta"]
[Black "Adhiban, B."]
[Result "0-1"]
[WhiteElo "2559"]
[BlackElo "2518"]
[PlyCount "84"]
[EventDate "2025.05.??"]
[WhiteTeam "MARSEILLE"]
[BlackTeam "CANNES"]
[WhiteTeamCountry "FRA"]
[BlackTeamCountry "FRA"]

1. e4 e5 2. Nf3 Nc6 3. Bb5 a6 4. Ba4 Nf6 5. O-O d6 6. Re1 Bd7 7. d4 Nxd4 8.
Bxd7+ Qxd7 9. Nxd4 exd4 10. Qxd4 Be7 11. Nc3 O-O 12. h3 Rfe8 13. b3 b5 14. Bb2
c6 15. Rad1 Rad8 16. Ne2 d5 17. e5 Qe6 18. Nf4 Qc8 19. Nd3 c5 20. Qf4 Ne4 21.
f3 Ng5 22. Qg3 Qf5 23. e6 f6 24. Qf4 Qg6 25. Qg4 Bd6 26. f4 h5 27. Qg3 c4 28.
h4 cxd3 29. Rxd3 Bxf4 30. Qxf4 Rxe6 31. Rxe6 Nxe6 32. Qf3 Qe4 33. Qf2 d4 34.
Bc1 Rd5 35. Kh2 Rf5 36. Qg3 Rf1 37. Bd2 Kh7 38. c3 Qe2 39. Qh3 Rf2 40. cxd4
Rxg2+ 41. Qxg2 Qxd3 42. d5 Nd4 0-1

[Event "TOP 16 Higher pool"]
[Site "BELFORT"]
[Date "????.??.??"]
[Round "10.4"]
[White "Pranesh M"]
[Black "Albornoz Cabrera, Carlos Daniel"]
[Result "1-0"]
[WhiteElo "2576"]
[BlackElo "2548"]
[PlyCount "67"]
[EventDate "2025.05.??"]
[WhiteTeam "CANNES"]
[BlackTeam "MARSEILLE"]
[WhiteTeamCountry "FRA"]
[BlackTeamCountry "FRA"]

1. e4 c5 2. Nc3 d6 3. f4 g6 4. Nf3 Bg7 5. Bb5+ Bd7 6. Bc4 Nc6 7. d3 Nd4 8. Nxd4
cxd4 9. Ne2 e6 10. O-O Ne7 11. Bb3 O-O 12. Bd2 a5 13. a3 Qc7 14. Kh1 b5 15. Ng3
d5 16. Rc1 dxe4 17. dxe4 h5 18. c3 h4 19. cxd4 Qb7 20. f5 exf5 21. Bg5 Rae8 22.
Bxh4 fxe4 23. Bf6 e3 24. Bxg7 Kxg7 25. d5 Nf5 26. Nxf5+ Bxf5 27. Qd4+ Kg8 28.
d6 Re4 29. Qf6 Rg4 30. Rf3 e2 31. h3 Re4 32. Re1 Rfe8 33. Rxf5 gxf5 34. Qg6+
1-0

[Event "TOP 16 Higher pool"]
[Site "BELFORT"]
[Date "????.??.??"]
[Round "10.5"]
[White "Laurent-Paoli, Pierre"]
[Black "Di Nicolantonio, Lucas"]
[Result "1-0"]
[WhiteElo "2544"]
[BlackElo "2413"]
[PlyCount "67"]
[EventDate "2025.05.??"]
[WhiteTeam "MARSEILLE"]
[BlackTeam "CANNES"]
[WhiteTeamCountry "FRA"]
[BlackTeamCountry "FRA"]

1. d4 d5 2. c4 e6 3. Nf3 Nf6 4. g3 Be7 5. Bg2 O-O 6. O-O c6 7. b3 b6 8. Bb2
Nbd7 9. Nbd2 Bb7 10. e3 Ne4 11. Nxe4 dxe4 12. Nd2 f5 13. f3 exf3 14. Bxf3 Qc7
15. e4 c5 16. exf5 exf5 17. Bxb7 Qxb7 18. d5 Rae8 19. Qc2 g6 20. g4 Bf6 21.
gxf5 Bxb2 22. Qxb2 gxf5 23. Nf3 Qc7 24. Kh1 Ne5 25. Nh4 Ng4 26. Nxf5 Qe5 27.
Qxe5 Rxe5 28. Ng3 Rfe8 29. Rf4 Nh6 30. Raf1 R8e7 31. Rh4 Nf7 32. Nf5 Rd7 33.
Rg4+ Kf8 34. Nh6 1-0

[Event "TOP 16 Higher pool"]
[Site "BELFORT"]
[Date "????.??.??"]
[Round "10.6"]
[White "Defromont, Benjamin"]
[Black "Lamaze, Simon"]
[Result "0-1"]
[WhiteElo "2388"]
[BlackElo "2424"]
[PlyCount "70"]
[EventDate "2025.05.??"]
[WhiteTeam "CANNES"]
[BlackTeam "MARSEILLE"]
[WhiteTeamCountry "FRA"]
[BlackTeamCountry "FRA"]

1. e4 c5 2. Nf3 e6 3. d4 cxd4 4. Qxd4 Nc6 5. Qe3 Nf6 6. Nc3 d6 7. b3 a6 8. Bb2
Be7 9. O-O-O Qc7 10. h3 b5 11. g4 h6 12. Kb1 Bb7 13. g5 hxg5 14. Nxg5 Rf8 15.
Bg2 O-O-O 16. f4 Kb8 17. Rd2 b4 18. Ne2 d5 19. exd5 Nxd5 20. Bxd5 exd5 21. Rhd1
Rfe8 22. Rxd5 Bxg5 23. Rxd8+ Rxd8 24. Rxd8+ Bxd8 25. Bxg7 f6 26. Bh6 Qd7 27.
Kb2 Ne7 28. Qc5 Nd5 29. Qf8 Ka7 30. Bg7 Be7 31. Qh8 Qe6 32. Qh5 Qe3 33. Qg4 Bc5
34. h4 Nc3 35. Bxf6 Nxe2 0-1

[Event "TOP 16 Higher pool"]
[Site "BELFORT"]
[Date "????.??.??"]
[Round "10.7"]
[White "Degraeve, Remy"]
[Black "Llari, Marc"]
[Result "1/2-1/2"]
[WhiteElo "2403"]
[BlackElo "2309"]
[PlyCount "138"]
[EventDate "2025.05.??"]
[WhiteTeam "MARSEILLE"]
[BlackTeam "CANNES"]
[WhiteTeamCountry "FRA"]
[BlackTeamCountry "FRA"]

1. e4 e5 2. Nf3 Nc6 3. Bb5 Bc5 4. c3 Nf6 5. d4 exd4 6. e5 Nd5 7. O-O Be7 8. a4
a6 9. Bc4 Nb6 10. Bb3 d5 11. exd6 Qxd6 12. a5 Nd5 13. Nxd4 Nxd4 14. Qxd4 Nf6
15. Qxd6 Bxd6 16. Re1+ Be6 17. Nd2 O-O-O 18. Bxe6+ fxe6 19. Re3 e5 20. Rxe5
Rhg8 21. Re6 Rge8 22. Rxe8 Rxe8 23. Nf3 Bc5 24. Kf1 Ng4 25. b4 Ba7 26. Ra2 Rd8
27. Bf4 Rd1+ 28. Ne1 Rd7 29. h3 Rf7 30. hxg4 Rxf4 31. f3 Rc4 32. Rc2 c5 33. Ke2
Kc7 34. Kd3 Rf4 35. Re2 c4+ 36. Kd2 Kd6 37. Nc2 b5 38. axb6 Bxb6 39. Re8 a5 40.
bxa5 Bxa5 41. Ne3 g6 42. Rc8 Kd7 43. Ra8 Rd4+ 44. Kc2 Bxc3 45. Ra7+ Ke6 46.
Rxh7 Bb4 47. Rb7 Rd2+ 48. Kc1 Bc3 49. Rb6+ Kf7 50. Nd1 Rd3 51. Kc2 Be1 52. Rb2
Kf6 53. Kc1 Kg5 54. Re2 Bg3 55. Nb2 Rd4 56. Kc2 Kf6 57. Rd2 Rxd2+ 58. Kxd2 Bf4+
59. Kc2 Kg5 60. Nxc4 Kh4 61. Kd3 Kg3 62. Ke4 g5 63. Ne3 Kf2 64. Nd5 Bc1 65. f4
gxf4 66. Nxf4 Kg3 67. Ne2+ Kxg4 68. Nxc1 Kg3 69. Nd3 Kxg2 1/2-1/2

[Event "TOP 16 Higher pool"]
[Site "BELFORT"]
[Date "????.??.??"]
[Round "10.8"]
[White "Bensdorp-De Labaca, Marlies"]
[Black "Delorme, Laurie"]
[Result "0-1"]
[WhiteElo "2208"]
[BlackElo "2070"]
[PlyCount "100"]
[EventDate "2025.05.??"]
[WhiteTeam "CANNES"]
[BlackTeam "MARSEILLE"]
[WhiteTeamCountry "FRA"]
[BlackTeamCountry "FRA"]

1. d4 d5 2. c4 e6 3. Nc3 Nf6 4. cxd5 exd5 5. Bg5 c6 6. e3 Bd6 7. Bd3 O-O 8. Qc2
h6 9. Bh4 Re8 10. Nge2 a5 11. a3 Na6 12. h3 Nc7 13. O-O Ne6 14. Bg3 Ng5 15.
Rfe1 Nge4 16. Bxd6 Nxd6 17. Na4 Nfe4 18. f3 Ng5 19. Ng3 Qf6 20. Nb6 Rb8 21.
Nxc8 Rbxc8 22. Kh2 g6 23. Qc3 a4 24. Qb4 b5 25. Rad1 h5 26. Nf1 h4 27. Kg1 Nf5
28. Qd2 Ne6 29. Nh2 Nd6 30. Ng4 Qd8 31. Qf2 Kg7 32. e4 Nf4 33. Bb1 Nc4 34. e5
Qg5 35. Ba2 Rb8 36. Rf1 Qe7 37. Qc2 Rbd8 38. Qf2 Qg5 39. Kh2 Rb8 40. Nf6 Re7
41. Ng4 Ree8 42. Qc2 Qf5 43. Qxf5 gxf5 44. Nf6 Red8 45. Rf2 b4 46. g3 hxg3+ 47.
Kxg3 Ne6 48. h4 bxa3 49. bxa3 Nxa3 50. Rc2 Nxc2 0-1

[Event "TOP 16 Higher pool"]
[Site "BELFORT"]
[Date "????.??.??"]
[Round "10.9"]
[White "Harikrishna, Pentala"]
[Black "Puranik, Abhimanyu"]
[Result "1/2-1/2"]
[WhiteElo "2707"]
[BlackElo "2624"]
[PlyCount "78"]
[EventDate "2025.05.??"]
[WhiteTeam "ASNIERES"]
[BlackTeam "MULHOUSE"]
[WhiteTeamCountry "FRA"]
[BlackTeamCountry "FRA"]

1. e4 e5 2. Nf3 Nc6 3. Bb5 a6 4. Ba4 Nf6 5. O-O Bc5 6. c3 Ba7 7. d4 b5 8. Bc2
d6 9. dxe5 Nxe5 10. Nxe5 dxe5 11. Qxd8+ Kxd8 12. Nd2 Be6 13. Nf3 Nd7 14. Ng5
Bc4 15. Rd1 f6 16. b3 Bg8 17. Nf3 Be6 18. Nh4 g6 19. Ba3 a5 20. Rd2 b4 21. Bb2
Ke7 22. Nf3 Bc5 23. Rdd1 Rhb8 24. h3 g5 25. Rac1 h5 26. Kf1 Bd6 27. Nd2 Rd8 28.
Bb1 Nb6 29. Ke2 Ra7 30. Bd3 Rb8 31. Rc2 a4 32. cxb4 Bxb4 33. Bc3 Bd6 34. Rb1
axb3 35. axb3 Ra3 36. Bb2 Ra7 37. Bc1 Nd7 38. Nc4 Bb4 39. Be3 Raa8 1/2-1/2

[Event "TOP 16 Higher pool"]
[Site "BELFORT"]
[Date "????.??.??"]
[Round "10.11"]
[White "Vachier-Lagrave, Maxime"]
[Black "Burri, Quentin"]
[Result "1-0"]
[WhiteElo "2723"]
[BlackElo "2401"]
[PlyCount "61"]
[EventDate "2025.05.??"]
[WhiteTeam "ASNIERES"]
[BlackTeam "MULHOUSE"]
[WhiteTeamCountry "FRA"]
[BlackTeamCountry "FRA"]

1. e4 c5 2. Nf3 d6 3. Bb5+ Bd7 4. c4 Nc6 5. Nc3 g6 6. d4 cxd4 7. Nxd4 Bg7 8.
Be3 Nf6 9. h3 O-O 10. O-O a6 11. Bxc6 Bxc6 12. Qd3 Nd7 13. Rac1 a5 14. b3 Nc5
15. Qc2 Ne6 16. Rfd1 Nxd4 17. Bxd4 Bxd4 18. Rxd4 Qb6 19. Qd2 a4 20. Rb1 axb3
21. axb3 f5 22. Nd5 Qd8 23. exf5 Rxf5 24. Re1 e5 25. Rd3 Qf8 26. Rd1 Ra3 27.
Ne3 Rf6 28. c5 dxc5 29. Rd8 Be8 30. Qd5+ Rf7 31. Qe6 1-0

[Event "TOP 16 Higher pool"]
[Site "BELFORT"]
[Date "????.??.??"]
[Round "10.12"]
[White "Terrieux, Kevin"]
[Black "Cornette, Matthieu"]
[Result "1/2-1/2"]
[WhiteElo "2389"]
[BlackElo "2527"]
[PlyCount "22"]
[EventDate "2025.05.??"]
[WhiteTeam "MULHOUSE"]
[BlackTeam "ASNIERES"]
[WhiteTeamCountry "FRA"]
[BlackTeamCountry "FRA"]

1. e4 c5 2. Nf3 Nc6 3. Bb5 Nf6 4. Nc3 g6 5. e5 Nh5 6. O-O Bg7 7. Re1 Nd4 8. b4
Nxb5 9. Nxb5 a6 10. Nc3 cxb4 11. Nd5 e6 1/2-1/2

[Event "TOP 16 Higher pool"]
[Site "BELFORT"]
[Date "????.??.??"]
[Round "10.13"]
[White "Pelletier, Yannick"]
[Black "Gatineau, Yovann"]
[Result "1-0"]
[WhiteElo "2519"]
[BlackElo "2374"]
[PlyCount "63"]
[EventDate "2025.05.??"]
[WhiteTeam "ASNIERES"]
[BlackTeam "MULHOUSE"]
[WhiteTeamCountry "FRA"]
[BlackTeamCountry "FRA"]

1. c4 e6 2. Nc3 d5 3. d4 a6 4. cxd5 exd5 5. Nf3 h6 6. Bf4 Nf6 7. e3 Bd6 8. Be5
c6 9. Bd3 O-O 10. h3 Re8 11. Rc1 Bxe5 12. Nxe5 c5 13. Bb1 b5 14. a4 Bb7 15. O-O
c4 16. axb5 axb5 17. Nxb5 Qb6 18. Nc3 Qxb2 19. Bf5 Nc6 20. Nd7 Nxd7 21. Bxd7
Red8 22. Nxd5 Na5 23. Rb1 Qa3 24. Nb6 Ra6 25. Nxc4 Nxc4 26. Rxb7 Na5 27. Rc7
Qd6 28. Bc8 Ra8 29. Qc2 Nb3 30. Rc3 Raxc8 31. Rxc8 Qg3 32. Rxd8# 1-0

[Event "TOP 16 Higher pool"]
[Site "BELFORT"]
[Date "????.??.??"]
[Round "10.14"]
[White "Rakotomaharo, Fy Antenaina"]
[Black "Tregubov, Pavel V"]
[Result "0-1"]
[WhiteElo "2441"]
[BlackElo "2548"]
[PlyCount "86"]
[EventDate "2025.05.??"]
[WhiteTeam "MULHOUSE"]
[BlackTeam "ASNIERES"]
[WhiteTeamCountry "FRA"]
[BlackTeamCountry "FRA"]

1. e4 e5 2. Nf3 Nf6 3. Nxe5 d6 4. Nf3 Nxe4 5. Bd3 d5 6. O-O Be7 7. Re1 Nd6 8.
Nc3 c6 9. Qe2 Nd7 10. b4 Nf8 11. Nd4 Ne6 12. Nxe6 Bxe6 13. Qh5 g6 14. Bxg6 fxg6
15. Qe5 O-O 16. Qxe6+ Rf7 17. Nd1 Qf8 18. Bb2 Re8 19. Qh3 Nc4 20. Qe6 Nd6 21.
Qh3 Bf6 22. Rf1 Ne4 23. Bxf6 Rxf6 24. Ne3 Nxf2 25. Qg3 Ne4 26. Qh4 Rxf1+ 27.
Rxf1 Qxb4 28. d3 Qc5 29. Qf4 Nf6 30. Rf3 Qe7 31. Qd4 a6 32. h3 Rf8 33. Qb2 Rf7
34. a4 h5 35. Qd4 Nd7 36. Rxf7 Kxf7 37. Kh1 Qe5 38. Qa7 Ke7 39. c4 Qa1+ 40. Kh2
Qe5+ 41. Kh1 b6 42. Nf1 Qe2 43. Kg1 dxc4 0-1

[Event "TOP 16 Higher pool"]
[Site "BELFORT"]
[Date "????.??.??"]
[Round "10.15"]
[White "Degraeve, Jean-Marc"]
[Black "Papadiamandis, Elliot"]
[Result "1-0"]
[WhiteElo "2457"]
[BlackElo "2316"]
[PlyCount "99"]
[EventDate "2025.05.??"]
[WhiteTeam "ASNIERES"]
[BlackTeam "MULHOUSE"]
[WhiteTeamCountry "FRA"]
[BlackTeamCountry "FRA"]

1. e4 c5 2. c3 Nf6 3. e5 Nd5 4. Nf3 Nc6 5. Bc4 Nb6 6. Bb3 c4 7. Bc2 d6 8. exd6
Qxd6 9. Na3 Be6 10. Nb5 Qd7 11. a4 Nd5 12. d3 cxd3 13. Qxd3 g6 14. O-O Bf5 15.
Qxd5 Qxd5 16. Nc7+ Kd7 17. Nxd5 Bxc2 18. Ne3 Bf5 19. Rd1+ Ke8 20. Nxf5 gxf5 21.
Be3 e6 22. Nd4 Nxd4 23. Bxd4 Rg8 24. Rd3 a6 25. Bb6 Rg4 26. b3 Rc8 27. Rad1 Be7
28. c4 Re4 29. Kf1 Rh4 30. h3 f4 31. f3 Rc6 32. Bd8 Rh5 33. Bxe7 Kxe7 34. Rd7+
Kf6 35. Rxb7 Kg6 36. Rd4 e5 37. Rd5 f6 38. c5 e4 39. Rxh5 Kxh5 40. b4 exf3 41.
Rb6 Rc7 42. Rxa6 Kh4 43. gxf3 Kg3 44. Rd6 Kxf3 45. c6 Ra7 46. a5 Kg3 47. Rd3+
f3 48. Rc3 Re7 49. c7 Rd7 50. Rc1 1-0

[Event "TOP 16 Higher pool"]
[Site "BELFORT"]
[Date "????.??.??"]
[Round "10.16"]
[White "Richard, Emma"]
[Black "Guichard, Pauline"]
[Result "1/2-1/2"]
[WhiteElo "2142"]
[BlackElo "2324"]
[PlyCount "98"]
[EventDate "2025.05.??"]
[WhiteTeam "MULHOUSE"]
[BlackTeam "ASNIERES"]
[WhiteTeamCountry "FRA"]
[BlackTeamCountry "FRA"]

1. e4 c6 2. d4 d5 3. Nc3 dxe4 4. Nxe4 Bf5 5. Ng3 Bg6 6. c3 Nd7 7. h4 h6 8. Nh3
Ngf6 9. Bc4 e6 10. O-O Bd6 11. Bf4 Qc7 12. Bxd6 Qxd6 13. Re1 O-O 14. Qf3 Nb6
15. Bb3 Rfe8 16. Nf4 Bh7 17. Ngh5 Nxh5 18. Nxh5 a5 19. Qg4 Bg6 20. Nxg7 Kxg7
21. h5 a4 22. Bc2 Nd5 23. hxg6 f5 24. Qf3 Qf4 25. Qxf4 Nxf4 26. a3 Kxg6 27. g3
Nd5 28. Kg2 b5 29. Re5 Re7 30. g4 Rg8 31. Kf3 Kf6 32. gxf5 Rg5 33. Rh1 h5 34.
fxe6 Rxe5 35. dxe5+ Kxe5 36. Rxh5+ Kxe6 37. Rh6+ Kd7 38. Be4 Rf7+ 39. Ke2 Nf6
40. Bf3 Kd6 41. Rh8 Kc5 42. Rh4 Re7+ 43. Kd2 Rd7+ 44. Kc2 Re7 45. Rf4 Re6 46.
Kd3 Nd7 47. Be2 Ne5+ 48. Kd2 Rd6+ 49. Kc2 Rh6 1/2-1/2

[Event "TOP 16 Higher pool"]
[Site "BELFORT"]
[Date "????.??.??"]
[Round "10.17"]
[White "Van Foreest, Jorden"]
[Black "Fressinet, Laurent"]
[Result "1/2-1/2"]
[WhiteElo "2687"]
[BlackElo "2593"]
[PlyCount "57"]
[EventDate "2025.05.??"]
[WhiteTeam "AIX EN PROVENCE"]
[BlackTeam "CHARTRES"]
[WhiteTeamCountry "FRA"]
[BlackTeamCountry "FRA"]

1. d4 d5 2. c4 e6 3. Nc3 Nf6 4. cxd5 exd5 5. Bg5 Bb4 6. Nf3 h6 7. Bh4 c5 8. e3
c4 9. Bxf6 Qxf6 10. g3 Bf5 11. Bg2 Be4 12. O-O Bxc3 13. bxc3 Nc6 14. Nd2 Bxg2
15. Kxg2 b5 16. e4 O-O 17. a4 b4 18. exd5 bxc3 19. Ne4 Qxd4 20. Qxd4 Nxd4 21.
Nxc3 Rfd8 22. g4 Rab8 23. Rad1 Rb3 24. Rxd4 Rxc3 25. Rfd1 Rd6 26. R1d2 g5 27.
Re4 Kg7 28. Rdd4 Rc2 29. Rxc4 1/2-1/2

[Event "TOP 16 Higher pool"]
[Site "BELFORT"]
[Date "????.??.??"]
[Round "10.18"]
[White "Ivanchuk, Vasyl"]
[Black "Bacrot, Etienne"]
[Result "1-0"]
[WhiteElo "2644"]
[BlackElo "2633"]
[PlyCount "105"]
[EventDate "2025.05.??"]
[WhiteTeam "CHARTRES"]
[BlackTeam "AIX EN PROVENCE"]
[WhiteTeamCountry "FRA"]
[BlackTeamCountry "FRA"]

1. Nf3 d5 2. g3 c5 3. c4 d4 4. e3 Nc6 5. exd4 cxd4 6. Bg2 e5 7. O-O f6 8. d3
Bg4 9. Na3 Nge7 10. Nc2 a5 11. a3 Qd7 12. Bd2 h5 13. b4 a4 14. b5 Nd8 15. Bb4
h4 16. Qd2 Bh3 17. Rae1 Bxg2 18. Kxg2 Ne6 19. Qe2 Ng6 20. Kh1 Kf7 21. Qe4 Nc5
22. Bxc5 Bxc5 23. Rg1 h3 24. Nd2 f5 25. Qf3 Kg8 26. g4 Nh4 27. Qd5+ Qxd5+ 28.
cxd5 e4 29. dxe4 d3 30. Ne3 f4 31. Nec4 Bxf2 32. e5 Bxe1 33. Rxe1 f3 34. e6 Ng2
35. Re4 f2 36. e7 Kf7 37. Nd6+ Kf6 38. e8=Q Raxe8 39. Nxe8+ Kg6 40. Nd6 Rd8 41.
Nf5 Kf6 42. d6 g6 43. Ng3 Rxd6 44. Rxa4 Kg7 45. Nge4 Re6 46. Rd4 Nh4 47. Nf1 g5
48. Ned2 Re1 49. Rxd3 Kf6 50. Rxh3 Ke5 51. Rd3 b6 52. h3 Ng6 53. Rf3 1-0

[Event "TOP 16 Higher pool"]
[Site "BELFORT"]
[Date "????.??.??"]
[Round "10.19"]
[White "Sadhwani, Raunak"]
[Black "Maurizzi, Marc`Andria"]
[Result "1/2-1/2"]
[WhiteElo "2672"]
[BlackElo "2607"]
[PlyCount "43"]
[EventDate "2025.05.??"]
[WhiteTeam "AIX EN PROVENCE"]
[BlackTeam "CHARTRES"]
[WhiteTeamCountry "FRA"]
[BlackTeamCountry "FRA"]

1. e4 e5 2. Nf3 Nc6 3. Bc4 Bc5 4. c3 Nf6 5. d3 d6 6. Bg5 h6 7. Bh4 a5 8. O-O
Ba7 9. Na3 Bg4 10. h3 Bh5 11. Re1 g5 12. Bg3 Qd7 13. d4 O-O 14. Bb5 exd4 15.
cxd4 d5 16. Bxc6 Qxc6 17. Rc1 Qa6 18. exd5 Nxd5 19. Bxc7 Rac8 20. Bg3 Rxc1 21.
Qxc1 Bxf3 22. gxf3 1/2-1/2

[Event "TOP 16 Higher pool"]
[Site "BELFORT"]
[Date "????.??.??"]
[Round "10.20"]
[White "Kamsky, Gata"]
[Black "Cheparinov, Ivan"]
[Result "1/2-1/2"]
[WhiteElo "2606"]
[BlackElo "2641"]
[PlyCount "47"]
[EventDate "2025.05.??"]
[WhiteTeam "CHARTRES"]
[BlackTeam "AIX EN PROVENCE"]
[WhiteTeamCountry "FRA"]
[BlackTeamCountry "FRA"]

1. d4 Nf6 2. Nf3 d5 3. Bf4 c5 4. e3 Nc6 5. Nbd2 Nh5 6. dxc5 Nxf4 7. exf4 g6 8.
c3 Bh6 9. g3 O-O 10. Bg2 Bg7 11. O-O b6 12. cxb6 Qxb6 13. Nb3 Rd8 14. Re1 Bg4
15. Qd2 Bxf3 16. Bxf3 Rab8 17. Rab1 e6 18. Red1 a5 19. Nc1 a4 20. Nd3 Rdc8 21.
a3 Na5 22. Nb4 d4 23. cxd4 Nb3 24. Qe1 1/2-1/2

[Event "TOP 16 Higher pool"]
[Site "BELFORT"]
[Date "????.??.??"]
[Round "10.21"]
[White "Gozzoli, Yannick"]
[Black "Mamedov, Rauf"]
[Result "1/2-1/2"]
[WhiteElo "2567"]
[BlackElo "2657"]
[PlyCount "32"]
[EventDate "2025.05.??"]
[WhiteTeam "AIX EN PROVENCE"]
[BlackTeam "CHARTRES"]
[WhiteTeamCountry "FRA"]
[BlackTeamCountry "FRA"]

1. d4 d5 2. c4 e6 3. Nf3 c5 4. cxd5 exd5 5. Bg5 Be7 6. Bxe7 Qxe7 7. dxc5 Nf6 8.
e3 Qxc5 9. Nc3 Nc6 10. Be2 O-O 11. O-O Rd8 12. Rc1 Qb4 13. Nb5 Qxb2 14. Rb1
Qxa2 15. Ra1 Qb2 16. Rb1 Qa2 1/2-1/2

[Event "TOP 16 Higher pool"]
[Site "BELFORT"]
[Date "????.??.??"]
[Round "10.22"]
[White "Lagarde, Maxime"]
[Black "Govciyan, Pavel"]
[Result "1-0"]
[WhiteElo "2622"]
[BlackElo "2421"]
[PlyCount "227"]
[EventDate "2025.05.??"]
[WhiteTeam "CHARTRES"]
[BlackTeam "AIX EN PROVENCE"]
[WhiteTeamCountry "FRA"]
[BlackTeamCountry "FRA"]

1. e4 e5 2. Nf3 Nc6 3. Bb5 a6 4. Ba4 Nf6 5. O-O b5 6. Bb3 Bc5 7. c3 d6 8. d4
Bb6 9. a4 Bb7 10. Re1 O-O 11. Be3 exd4 12. cxd4 Na5 13. d5 Bxe3 14. Rxe3 Re8
15. Nbd2 Nxb3 16. Qxb3 c6 17. dxc6 Bxc6 18. axb5 axb5 19. Rae1 Qa5 20. h3 h6
21. Qd3 Qb4 22. Qc2 Bb7 23. Rb3 Qa4 24. Qd3 Nxe4 25. Qxb5 Qxb5 26. Rxb5 Bc6 27.
Rb6 Nxd2 28. Rxe8+ Bxe8 29. Nxd2 d5 30. Kf1 Kf8 31. Ke2 Ke7 32. Nb1 d4 33. Nd2
Bd7 34. Nb3 Kd8 35. Nc5 Bf5 36. Rd6+ Kc7 37. Rxd4 Ra2 38. Rb4 Kc6 39. Na4 Ra1
40. Nc3 Be6 41. Rd4 Rg1 42. Kf3 Rc1 43. Rd2 Ra1 44. Ne2 Kc7 45. Nf4 Bd7 46.
Nd5+ Kb7 47. Ne3 Be6 48. g4 h5 49. Kg3 hxg4 50. hxg4 g5 51. f3 Rb1 52. Nd1 f5
53. Nc3 Rg1+ 54. Kf2 Rh1 55. gxf5 Bxf5 56. Rd5 Bc8 57. Rxg5 Rc1 58. Re5 Rh1 59.
Ke3 Bd7 60. b4 Re1+ 61. Kd4 Rf1 62. Re7 Kc8 63. Rf7 Kd8 64. Ne4 Be8 65. Rf4 Rb1
66. Kc3 Rc1+ 67. Kd2 Rb1 68. Nc5 Bc6 69. Rd4+ Kc7 70. f4 Kb6 71. Nd3 Rh1 72. f5
Rh6 73. Ke3 Kb5 74. Kf4 Be8 75. Ke5 Bf7 76. Nf4 Rh1 77. Nd5 Bg8 78. Nc3+ Kc6
79. Rd6+ Kb7 80. Rg6 Bc4 81. Ne4 Kc7 82. Nd6 Ba2 83. Rg7+ Kd8 84. b5 Rd1 85.
Nb7+ Kc8 86. b6 Kb8 87. Nd6 Rd5+ 88. Ke6 Rb5+ 89. Kd7 Rxb6 90. Re7 Rb2 91. Re5
Rf2 92. Ra5 Rd2 93. f6 Rf2 94. Rf5 Re2 95. Rf4 Rd2 96. Rb4+ Ka7 97. Ke7 Re2+
98. Re4 Rf2 99. Nc4 Bb1 100. Re1 Bg6 101. Ne5 Bh5 102. Nc6+ Kb6 103. Re5 Rh2
104. Nd4 Bg6 105. Rb5+ Ka6 106. Rg5 Rh7+ 107. Kd6 Be8 108. Rg7 Rh8 109. Ne6 Kb6
110. Ke7 Bh5 111. Nf8 Rh6 112. Ne6 Rh8 113. Nf4 Be8 114. Ng6 1-0

[Event "TOP 16 Higher pool"]
[Site "BELFORT"]
[Date "????.??.??"]
[Round "10.23"]
[White "Boyer, Mahel"]
[Black "Bauer, Christian"]
[Result "1-0"]
[WhiteElo "2521"]
[BlackElo "2561"]
[PlyCount "105"]
[EventDate "2025.05.??"]
[WhiteTeam "AIX EN PROVENCE"]
[BlackTeam "CHARTRES"]
[WhiteTeamCountry "FRA"]
[BlackTeamCountry "FRA"]

1. d4 Nf6 2. c4 e6 3. Nf3 d5 4. Nc3 c6 5. Bg5 h6 6. Bxf6 Qxf6 7. e3 g6 8. Qc2
Nd7 9. h4 Bg7 10. h5 g5 11. cxd5 exd5 12. Ne2 Bf8 13. Ng3 Bb4+ 14. Nd2 Nb6 15.
Bd3 Be6 16. O-O g4 17. Nb3 O-O-O 18. a4 Kb8 19. a5 Nc4 20. a6 b6 21. Nc1 Rc8
22. Nce2 Nd2 23. Rfc1 Rhg8 24. Qa4 c5 25. dxc5 Bxc5 26. Rc2 d4 27. Nxd4 Bxd4
28. Qxd4 Qxd4 29. exd4 Rxc2 30. Bxc2 Rd8 31. Rd1 Nc4 32. b4 Nb2 33. Rb1 Nc4 34.
Rd1 Nb2 35. Re1 Rxd4 36. Bf5 Rd1 37. Rxd1 Nxd1 38. Bxe6 fxe6 39. Ne4 Kc7 40.
Nf6 Kd6 41. Nxg4 Nc3 42. Nxh6 Ke7 43. Ng4 Nd5 44. Ne5 Nxb4 45. h6 Kf8 46. g4
Kg8 47. g5 Kh7 48. Nd7 Nd5 49. Nf8+ Kg8 50. Nxe6 b5 51. Kf1 b4 52. Ke1 b3 53.
Kd2 1-0

[Event "TOP 16 Higher pool"]
[Site "BELFORT"]
[Date "????.??.??"]
[Round "10.24"]
[White "Daulyte-Cornette, Deimante"]
[Black "Benmesbah, Natacha"]
[Result "1/2-1/2"]
[WhiteElo "2396"]
[BlackElo "2259"]
[PlyCount "224"]
[EventDate "2025.05.??"]
[WhiteTeam "CHARTRES"]
[BlackTeam "AIX EN PROVENCE"]
[WhiteTeamCountry "FRA"]
[BlackTeamCountry "FRA"]

1. e4 c6 2. d4 d5 3. e5 Bf5 4. h4 a6 5. c4 e6 6. Nc3 h6 7. cxd5 cxd5 8. Bd3 Ne7
9. h5 Nbc6 10. g4 Bxd3 11. Qxd3 Qb6 12. Nge2 f6 13. f4 f5 14. Be3 fxg4 15. Ng3
Qxb2 16. Rb1 Nb4 17. Qd2 Qxd2+ 18. Kxd2 Nbc6 19. Rxb7 Na5 20. Rbb1 Rc8 21. Na4
Nec6 22. Ke2 Bb4 23. Rh4 Be7 24. Rxg4 Kf7 25. f5 Nd8 26. Rf1 Rc2+ 27. Kd3 Rxa2
28. Nc3 Ra3 29. fxe6+ Kxe6 30. Rg6+ Kd7 31. Rxg7 Ne6 32. Rxe7+ Kxe7 33. Nf5+
Kd7 34. Nd6 Rh7 35. Kc2 Nc6 36. Kb2 Ra5 37. Nb7 Rb5+ 38. Nxb5 axb5 39. Kc3 Rg7
40. Rf3 b4+ 41. Kd3 Rg4 42. Rf7+ Kc8 43. Nd6+ Kb8 44. Rb7+ Ka8 45. Rb5 Rg3 46.
Nf5 Rf3 47. Nxh6 Nexd4 48. Rb6 Nc2 49. Kxc2 Rxe3 50. Rxc6 Rxe5 51. Nf7 Rxh5 52.
Nd6 Rh3 53. Rb6 b3+ 54. Kb2 d4 55. Nc4 Ka7 56. Rb4 d3 57. Nd2 Rh6 58. Nxb3 d2
59. Rd4 Kb6 60. Kc3 Rh3+ 61. Kc2 Rh2 62. Nxd2 Kc5 63. Rd8 Rh3 64. Rf8 Kd4 65.
Nf3+ Ke3 66. Ne5 Kd4 67. Re8 Rg3 68. Nc6+ Kc5 69. Na5 Rh3 70. Rd8 Rh2+ 71. Kb3
Rh3+ 72. Ka4 Rh4+ 73. Ka3 Rh3+ 74. Nb3+ Kc4 75. Ka4 Kc3 76. Nc5 Kc4 77. Ne4 Rh1
78. Ka5 Rh5+ 79. Kb6 Rh6+ 80. Kc7 Kb5 81. Nd6+ Kc5 82. Nb7+ Kc4 83. Nd6+ Kc5
84. Ne4+ Kc4 85. Rd1 Rg6 86. Kd7 Rh6 87. Nd6+ Kc5 88. Nf5 Rh2 89. Ke6 Re2+ 90.
Kf6 Kb6 91. Rc1 Kb7 92. Nd4 Re3 93. Rc6 Re1 94. Rd6 Kc7 95. Rd5 Kb6 96. Ne6 Kc6
97. Rd4 Re2 98. Nf4 Re1 99. Nd3 Re3 100. Ne5+ Kc5 101. Rc4+ Kd5 102. Rc1 Re2
103. Ng4 Kd6 104. Rd1+ Kc5 105. Ne5 Rh2 106. Kf5 Rh5+ 107. Kf4 Rh4+ 108. Ke3
Rh3+ 109. Nf3 Rh8 110. Ke4 Re8+ 111. Ne5 Kb4 112. Rc1 Kb5 1/2-1/2

[Event "TOP 16 Higher pool"]
[Site "BELFORT"]
[Date "????.??.??"]
[Round "10.25"]
[White "Pranav, V."]
[Black "Tabatabaei, M. Amin"]
[Result "1/2-1/2"]
[WhiteElo "2621"]
[BlackElo "2670"]
[PlyCount "101"]
[EventDate "2025.05.??"]
[WhiteTeam "GRASSE"]
[BlackTeam "TREMBLAY"]
[WhiteTeamCountry "FRA"]
[BlackTeamCountry "FRA"]

1. e4 e5 2. Nf3 Nc6 3. Bb5 a6 4. Ba4 Nf6 5. O-O Be7 6. d3 b5 7. Bb3 d6 8. Bd2
O-O 9. Re1 Rb8 10. h3 h6 11. a3 Re8 12. Nc3 Bf8 13. a4 b4 14. Nd5 Nxd5 15. Bxd5
Ne7 16. Bc4 Ng6 17. Nh2 a5 18. Qh5 Be6 19. Bb5 Re7 20. Ng4 c6 21. Bc4 Bxc4 22.
dxc4 b3 23. c3 Re6 24. g3 d5 25. exd5 cxd5 26. Nxe5 dxc4 27. Nxc4 Rc6 28. Ne5
Nxe5 29. Qxe5 Re6 30. Qf4 Rf6 31. Qe3 Rd6 32. Re2 Rd3 33. Qa7 Rd7 34. Qe3 Rd3
35. Qa7 Rd7 36. Qe3 Rb6 37. Be1 Re6 38. Qf3 Rd1 39. Rxd1 Qxd1 40. Kf1 Rxe2 41.
Qxe2 Qa1 42. c4 Qxa4 43. Qd3 Qa2 44. Bc3 a4 45. Kg2 a3 46. Qd4 axb2 47. Bxb2
Qa8+ 48. Kg1 Qa5 49. Kg2 Qb4 50. Kf1 Qb7 51. Kg1 1/2-1/2